Borussia Dortmund Squad 2015-2016 - Statistics

General Stats
  • This quiz has been taken 24 times
  • The average score is 18 of 28
Answer Stats
# Position Nation Player % Correct
11 FW Germany Marco Reus
95%
17 FW Gabon Pierre-Emerick Aubameyang
95%
38 GK Switzerland Roman Bürki
95%
1 GK Germany Roman Weidenfeller
95%
- Coach Germany Thomas Tuchel
95%
10 FW Armenia Henrikh Mkhitaryan
90%
15 DF Germany Mats Hummels
90%
4 DF Serbia Neven Subotić
90%
22 MF United States Christian Pulisic
85%
18 MF Turkey Nuri Şahin
85%
23 MF Japan Shinji Kagawa
85%
29 DF Germany Marcel Schmelzer
80%
20 FW Colombia Adrián Ramos
75%
25 DF Greece Sokratis Papastathopoulos
75%
26 DF Poland Łukasz Piszczek
70%
8 MF Germany İlkay Gündoğan
65%
6 DF Germany Sven Bender
60%
33 MF Germany Julian Weigl
55%
37 DF Germany Erik Durm
50%
9 FW Belgium Adnan Januzaj
45%
27 MF Germany Gonzalo Castro
45%
3 DF South Korea Ju-ho Park
45%
7 MF Germany Jonas Hofmann
35%
14 MF Germany Moritz Leitner
35%
30 FW Germany Felix Passlack
30%
28 DF Germany Matthias Ginter
30%
39 GK Germany Hendrik Bonmann
25%
35 DF Germany Pascal Stenzel
10%
No matching quizzes found
Score Distribution
Percent of People with Each Score
Percentile by Number Answered
Your Score History
You have not taken this quiz